000 01106cam a22002771i 4500
003 SA-RiAUC
005 20250922120958.0
008 250917s1992 le g 000k0 ara c
040 _aSA-RiAUC
_bara
_cSA-RiAUC
_erda
082 0 4 _a251
_qSA-RiAUC
090 _a251
_bف خ ر
100 1 _aالفخر الرازي، محمد بن عمر بن الحسن،
_d544-606 هجري
_eمؤلف.
245 1 2 _aالكاشف عن أصول الدلائل وفصول العلل /
_cتأليف محمد بن عمر الفخر الرازي ؛ تحقيق أحمد حجازي السقا.
250 _aالطبعة الأولى.
264 1 _aبيروت :
_bدار الجيل،
_c1992
300 _a168 صفحة ؛
_c24 سم
336 _aنص
_btxt
_2rdacontent
_3كتاب
337 _aبدون وسيط
_bn
_2rdamedia
338 _aمجلد
_bnc
_2rdacarrier
590 _aأسماء.
650 7 _aأصول الفقه الإسلامي
_2aucsh
700 1 _aالسقا، أحمد حجازي أحمد
_eمحقق.
942 _2ddc
_cBOOK
_n0
949 _aSA-JeALM
_d250917
_umohamedma123
_n1
999 _c11999
_d11999